000 00515nam a2200169Ia 4500
003 GCL
008 140319s9999 xx 000 0 ara d
040 _aGCL /
_cGCL
082 0 4 _a332.4
_bع ا
100 1 _aعبدالفتاح عبدالرحمن عبدالمجيد
245 1 0 _aاقتصاديات النقود : رؤية اسلامية /
_cعبدالفتاح عبدالرحمن عبدالمجيد
300 _a440 ص
490 _a
650 0 4 _aالاقتصاد
650 0 4 _aالنقود
942 _2ddc
_cBK
999 _c41484
_d41484